| 000 -CABECERA |
| Campo de control de longitud fija |
02207nam a22003257a 4500 |
| 001 - NÚMERO DE CONTROL |
| Campo de control |
5.509 |
| 003 - IDENTIFICADOR DEL NÚMERO DE CONTROL |
| Campo de control |
OSt |
| 005 - FECHA Y HORA DE LA ÚLTIMA TRANSACCIÓN |
| Campo de control |
20230524111313.0 |
| 008 - CÓDIGOS DE INFORMACIÓN DE LONGITUD FIJA |
| Campo de control de longitud fija |
230517t2010 xxu||||| |||| 00| 0 spa d |
| 040 ## - FUENTE DE LA CATALOGACIÓN |
| Centro que cataloga |
Bogotá (Dr. David Ordóñez Rueda) - Campus Norte |
| Centro catalogador de origen |
Unicoc |
| Lengua de catalogación |
spa |
| Centro modificador |
Bogotá (Dr. David Ordóñez Rueda) - Campus Norte |
| 082 04 - NÚMERO DE LA CLASIFICACIÓN DECIMAL DEWEY |
| Número de clasificación |
617.69 |
| 020 ## - NÚMERO INTERNACIONAL NORMALIZADO PARA LIBROS (ISBN) |
| Número Internacional Normalizado para Libros (ISBN) |
978-958-8473-36-9 |
| Información adicional |
obra completa |
| 100 ## - PUNTO DE ACCESO PRINCIPAL - NOMBRE DE PERSONA |
| 9 (RLIN) |
58 |
| Nombre de persona |
Mezzomo, Elio |
| 245 00 - MENCIÓN DE TÍTULO |
| Título |
Rehabilitación oral contemporánea |
| Mención de responsabilidad etc. |
/ Elio Mezzomo, Roberto M. Sizuki |
| 260 ## - PUBLICATION, DISTRIBUTION, ETC. (IMPRINT) |
| Lugar de publicación distribución etc. |
Caracas: |
| Nombre del editor distribuidor etc. |
Amolca, |
| Fecha de publicación distribución etc. |
2010 |
| 300 ## - DESCRIPCIÓN FÍSICA |
| Extensión |
2T. |
| Otras características físicas |
ilustraciones, fotos a color |
| 500 ## - NOTA GENERAL |
| Nota general |
Inlcuye índice |
| 504 ## - NOTA DE BIBLIOGRAFÍA; ETC. |
| Nota de bibliografía etc. |
Incluye referencias bibliográficas. |
| 505 ## - NOTA DE CONTENIDO CON FORMATO |
| Título |
TOMO 1 -- |
| -- |
Capitulo I - Plan de tratamiento en rehabilitación oral -- |
| -- |
Capitulo II - La interrelación entre prótesis y periodoncia -- |
| -- |
Capitulo III - Manejo del complejo dentina-pulpa en procedimientos protésicos -- |
| -- |
Capitulo IV - Etiología, diagnóstico y tratamiento de las disfunciones craneomandibulares -- |
| -- |
Capitulo V - Fundamentos de oclusión aplicados a odontología restauradora -- |
| -- |
Capitulo VI - Análisis oclusal funcional -- |
| -- |
Capitulo VII - Articuladores-Registros oclusales -- |
| -- |
Capitulo VIII - Aplicación clínica de los fundamentos de oclusión -- |
| -- |
Capitulo IX - Consideraciones biomecánicas en prótesis parcial fija -- |
| -- |
Capitulo X - Prótesis parcial removible en la práctica contemporánea -- |
| -- |
Capitulo XI - Implantes dentarios en rehabilitación oral -- |
| -- |
TOMO 2 -- |
| -- |
Capitulo XII - Preparación de dientes para restauraciones indirectas -- |
| -- |
Capitulo XIII - Restauración de dientes previa a la corona protésica-espigos y núcleos -- |
| -- |
Capitulo XIV - Restauraciones protésicas temporales -- |
| -- |
Capitulo XV - Materiales y técnicas de impresión -- |
| -- |
Capitulo XVI - Restauraciones cerámicas sin metal -- |
| -- |
Capitulo XVII - Ajustes clínicos en prótesis parcial fija -- |
| -- |
Capitulo XVIII - Cementos y cementaciones -- |
| -- |
Capitulo XIX - Rehabilitación protésica de pacientes con gran pérdida de soporte -- |
| 526 ## - NOTA DE INFORMACIÓN SOBRE EL PROGRAMA DE ESTUDIO |
| Institución que aplica el campo |
Unicoc |
| 546 ## - NOTA DE LENGUA |
| Nota de lengua |
Español |
| 650 14 - PUNTO DE ACCESO ADICIONAL DE MATERIA - TÉRMINO DE MATERIA |
| Término de materia o nombre geográfico como elemento inicial |
Prostodoncia |
| 650 24 - PUNTO DE ACCESO ADICIONAL DE MATERIA - TÉRMINO DE MATERIA |
| Término de materia o nombre geográfico como elemento inicial |
Prótesis dental |
| 650 24 - PUNTO DE ACCESO ADICIONAL DE MATERIA - TÉRMINO DE MATERIA |
| Término de materia o nombre geográfico como elemento inicial |
Restauración dental permanente |
| 700 1# - PUNTO DE ACCESO ADICIONAL - NOMBRE DE PERSONA |
| Nombre de persona |
Suzuki, Roberto M. |
| 700 1# - PUNTO DE ACCESO ADICIONAL - NOMBRE DE PERSONA |
| Nombre de persona |
Santa Cruz M., Gabriel |
| Término indicativo de función |
ed. |
| 700 1# - PUNTO DE ACCESO ADICIONAL - NOMBRE DE PERSONA |
| Nombre de persona |
Cortés F., Rafael |
| Término indicativo de función |
dir. |
| 700 1# - PUNTO DE ACCESO ADICIONAL - NOMBRE DE PERSONA |
| Nombre de persona |
Flores Mir, Fernando |
| Término indicativo de función |
trad. |
| 942 ## - ENTRADA PARA ELEMENTOS AGREGADOS (KOHA) |
| Fuente de clasificación o esquema de ordenación en estanterías |
|
| Koha [por defecto] tipo de item |
Libro |